000 00742nam a2200229Ii 4500
003 JO-AjNU
008 230605s9999||||xx |||||||||||||| ||und||
017 _a2012/8/4506
020 _a978-9957-24-136-0
040 _aJO-AjNU
_bara
_erda
_cJO-AjNU
041 _aara
050 1 4 _aQ180.AI.R420 2013
100 3 _aعليان ، ربحي مصطفى، م مشارك عثمان غنيم ,
_eauthor
_950495
245 0 0 _aاسايب البحث العلمي النظرية والتطبيق
250 _aط5
264 3 1 _aعمان: دار الصفاء ، 2013
300 _a452ص
336 _atext
_btxt
_2rdacontent
337 _aunmediated
_bn
_2rdamedia
338 _avolume
_bnc
_2rdacarrier
650 4 _aالبحث العلمي
_950496
999 _aA22247
_c25815
_d25815